| 000 | 01030nas a2200253Ia 4500 | ||
|---|---|---|---|
| 001 | R142/77681 | ||
| 003 | IT-RoPAU | ||
| 008 | 151124c99999999xx |||||||||||| ||und|| | ||
| 040 | _aIT-RoPAU | ||
| 040 | _cIT-RoPAU | ||
| 041 | _aFRANCESE | ||
| 100 |
_aThomas Frank _gCodice Aut. SPICS: 46042 |
||
| 210 | _aRESEAUX | ||
| 222 | _aReseaux | ||
| 245 |
_aRESEAUX, N.056 (NOVEMBRE/DICEMBRE 1992) _bUne Politique De Croissance: Le Systeme Telephonique Allemand |
||
| 250 | _a1a ed. | ||
| 260 |
_aPARIS _bCNET _c1992 |
||
| 501 |
_bPaulus - SPICS - Società San Paolo EM (non-commercial uses only) _cCopyright2015 |
||
| 300 | _a25 p. [33-57] | ||
| 362 | _aN.056 (NOVEMBRE/DICEMBRE 1992) | ||
| 500 | _aPolitica di Crescita: Sistema Telefonico Tedesco. Introduzione del Telefono. Sviluppo della Densità Telefonica 1885-1985. Stabilizzazione Giuridica del Sistema Telefonico. Autonomia Finanziaria e Modernizzazione. Sistema Telefonico Sotto L'Influenza dei M | ||
| 650 |
_aCOMUNICAZIONE _vPUBBLICAZIONE PERIODICA |
||
| 942 | _cCR | ||
| 999 |
_c192249 _d192249 |
||